[Event "Piacenza Region-ch"]
[Site "Piacenza"]
[Date "2023.01.14"]
[Round "3"]
[White "Canelli, Nicolino"]
[Black "Medici, Roberto"]
[Result "0-1"]
[WhiteElo "1209"]
[BlackElo "1113"]
[PlyCount "158"]
[EventDate "2023.01.13"]
[EventType "swiss"]
[EventRounds "5"]
[EventCountry "ITA"]
[SourceTitle "CBM 212 Extra"]
[Source "ChessBase"]
[SourceDate "2023.03.31"]
[SourceVersion "1"]
[SourceVersionDate "2023.03.31"]
[SourceQuality "1"]

1. d4 d5 2. e3 Nc6 3. c3 Nf6 4. Bd3 Bg4 5. Ne2 Qd7 6. Nd2 Bf5 7. Qc2 Bxd3 8. Qxd3 e6 9. 0-0 Bd6 10. f4 0-0-0 11. Nf3 h6 12. Bd2 Ne4 13. Be1 g5 14. Nd2 f5 15. Nxe4 dxe4 16. Qc2 Rdg8 17. b4 gxf4 18. Nxf4 Qg7 19. a4 Bxf4 20. Rxf4 Ne7 21. Rf2 Nd5 22. Qe2 h5 23. b5 Rh6 24. c4 Nb6 25. c5 Nd7 26. Rc1 Nf6 27. Qc4 Nd5 28. Bd2 Rg6 29. Qf1 h4 30. h3 Rg3 31. a5 Rxh3 32. c6 b6 33. Ra1 Kd8 34. axb6 axb6 35. Ra8+ Ke7 36. Rxg8 Qxg8 37. Qa1 Rg3 38. Kh2 Qg4 39. Qe1 h3 40. Qf1 Nxe3 41. Bxe3 Rxe3 42. gxh3 Qg3+ 43. Kh1 Qxh3+ 44. Qxh3 Rxh3+ 45. Kg2 Rd3 46. Ra2 Rxd4 47. Ra7 Kd6 48. Ra8 Rd5 49. Rd8+ Kc5 50. Rc8 Kxb5 51. Rxc7 Rc5 52. Rc8 Rxc6 53. Ra8 Kc5 54. Kf2 Kd5 55. Ke3 b5 56. Rd8+ Ke5 57. Rb8 Rc3+ 58. Kd2 Rb3 59. Kc2 Rb4 60. Kc3 Rc4+ 61. Kb3 Rc5 62. Kb4 Rd5 63. Rh8 e3 64. Rh2 f4 65. Re2 Rd2 66. Re1 Ke4 67. Kxb5 f3 68. Kc4 e2 69. Rh1 Rd1 70. Rh4+ Ke3 71. Rh6 e1Q 72. Rxe6+ Kf2 73. Rxe1 Rxe1 74. Kd3 Re8 75. Kd2 Kg2 76. Kd1 f2 77. Kd2 f1Q 78. Kc2 Qf3 79. Kb2 Re2+ 0-1